000 00812nam a2200217 a 4500
001 BRCA_5497
005 20190320205114.0
008 030211s2008----mx-a######---#000-0#spa-#
020 _a9789685789486
041 _aspa
044 _amx
050 4 _aN910.M36
_b.P74 2008
245 1 0 _aPresencia y evocación
_bretratos de la colección del Museo Nacional de Arte
_ctextos Dafne Cruz Porchini ... [et al.].
260 _aMéxico
_bINBA
_c2008
300 _a103 p.
_bil. a color
_c27 cm.
500 _aIncluye lista de obra
500 _aCatálogo de la exposición realizada en el Museo Nacional de Arte (Ciudad de México), septiembre - diciembre, 2008
610 2 4 _aMuseo Nacional de Arte (Ciudad de México)
_vRetratos
_xColecciones de arte
_914047
700 1 _aCruz Porchini, Dafne
_914048
942 _2lcc
_cB
999 _c5191
_d5191